000
00357nam a2200157Ia 4500
008
220216s9999 xx 000 0 und d
100
_a
Leong W
245
0
_a
Branch induction
260
_b
Planters Bulletin
_c
1985
300
_a
80-90
650
_a
Branch induction
650
_a
Rubber
700
_a
Hafsah Jaafar
700
_a
Yoon P K
942
_c
JS
999
_c
54910
_d
54910